| 000 | 02053nam0a2200385 4500 | ||
|---|---|---|---|
| 001 | RU\NLR\BIBL_A\010545112 | ||
| 005 | 20260405054333.0 | ||
| 010 | _a978-5-9905926-5-0 | ||
| 035 | _a(NLR Aleph) 010545112 | ||
| 090 |
_a10312564 _c10312564 |
||
| 100 | _a20141127d2015 |||y0rusy50 ca | ||
| 101 | 0 | _arus | |
| 102 | _aRU | ||
| 105 | _ay|||z|||001yy | ||
| 200 | 1 |
_aГолубая дивизия, военнопленные и интернированные испанцы в СССР _fА.В. Елпатьевский |
|
| 210 |
_aСанкт-Петербург _cАлетейя _cИсторическая книга _d2015 _d[т. е. 2014] |
||
| 215 |
_a266, [1] с. _d20 |
||
| 300 | _aНа 4-й с. обл. авт.: А.В. Елпатьевский, к.ист.н. | ||
| 300 | _aКн. фактически изд. в 2014 г. | ||
| 320 | _aБиблиогр.: с. 264-266 (46 назв.) и в подстроч. примеч. | ||
| 320 | _aУказ. персоналий: с. 243-263 | ||
| 327 | 1 | _aВ прил.: Долг перед историей / Пилар Бонет | |
| 333 | _a16+ | ||
| 464 | 0 |
_12001#$aДолг перед историей _1700#1$aБонет$bП.$gПилар _tДолг перед историей _aБонет, Пилар |
|
| 601 | 0 | 2 |
_aПехотная дивизия _c250; 1941 - 1943; Германия _92204954 _3RU\NLR\AUTH\6601559322 |
| 606 | 1 |
_aВоеннопленные испанские _yСССР _z1941 - 1956 _92209765 _3RU\NLR\AUTH\6601561541 |
|
| 606 | 1 |
_aВторая мировая война _yИспания _z1939 - 1945 _91340748 _3RU\NLR\AUTH\66243926 |
|
| 686 | 1 | _aЦ35(2)722-52,2-21 | |
| 686 | 1 | _aЦ35(2)722-82,1 | |
| 686 | 1 | _aТ3(4Ис)63-681 | |
| 700 | 1 |
_7ca _8rus _aЕлпатьевский _bА. В. _f1931-2010 _gАндрей Валерьянович _91170 _3RU\NLR\AUTH\7718087 |
|
| 942 | _cBOOK | ||
| 980 | _aNB | ||